000
00229nam a2200097 4500
082
_a
KHU
100
_a
Khurmi, R.S
245
_a
Engineering Mechanics and Strength of Material
260
_a
New Delhi:
_b
S.Chand,
_c
1985.
942
_c
BK
999
_c
13227
_d
13227